000 00621nam a22001937a 4500
999 _c90021
_d90021
005 20230411124918.0
010 _aENG-111217
020 _a9780199451159
_c895.00
035 _aEN-94749
037 _bDBAD/PUB
082 _a305.800954166
100 _aPachuau, Joy L. K.
245 _aBeing mizo :
_bidentify and belonging in northeast India /
_cby Joy L. K. Pachuau
260 _aNew Delhi
_bOxford University Press
_c2014
270 _aYMCA Library building, 1 Jai Singh Road
_bNew Delhi
_e110001
300 _axiv, 274p.
_c22cm(hbk)
500 _aIncludes bibliographical references and index
942 _2ddc
_cEN
_mPAC